Central Library OPAC University of Rajshahi

Upper Nankin Street, Singapore : (Record no. 35514)

MARC details
000 -LEADER
fixed length control field 01101cam a22002532 4500
001 - CONTROL NUMBER
control field 35514
003 - CONTROL NUMBER IDENTIFIER
rucl marc code BD-RjUL
005 - DATE AND TIME OF LATEST TRANSACTION
control field 20211209052332.0
008 - FIXED-LENGTH DATA ELEMENTS--GENERAL INFORMATION
fixed length control field 140526s1960 si ak b 000 0 eng
035 ## - SYSTEM CONTROL NUMBER
System control number (BD-RjUL)35608
040 ## - CATALOGING SOURCE
Original cataloging agency DLC
Transcribing agency WSU
Modifying agency OCL
-- SER
-- OCL
-- UKM
-- EQO
Language of cataloging BD-RjUL
082 ## - DEWEY DECIMAL CLASSIFICATION NUMBER
Classification number 309.15952
Author mark and year KAU 1960
100 1# - MAIN ENTRY--PERSONAL NAME
Personal name Kaye, Barrington.
9 (RLIN) 108132
245 10 - TITLE STATEMENT
Title Upper Nankin Street, Singapore :
Remainder of title a sociological study of Chinese households living in a densely populated area.
260 ## - PUBLICATION, DISTRIBUTION, ETC. (IMPRINT)
Place of publication, distribution, etc. Singapore :
Name of publisher, distributor, etc. University of Malaya Press,
Date of publication, distribution, etc. 1960.
300 ## - PHYSICAL DESCRIPTION
Pagination xvi, 439 p. :
Illustrations illus., forms, tables. ;
Size 23 cm.
500 ## - GENERAL NOTE
General note "[This report embodies the results of eighteen months' research undertaken as a social research fellow in the University of Malaya, 1954-6; it was originally submitted, in a mimeographed version, to the Social Research Committee of the university in April 1956."
504 ## - BIBLIOGRAPHY, ETC. NOTE
Bibliography, etc Bibliography: p. [410]-411.
650 #0 - SUBJECT ADDED ENTRY--TOPICAL TERM
Topical term or geographic name as entry element Chinese
Geographic subdivision Singapore.
9 (RLIN) 108133
651 #0 - SUBJECT ADDED ENTRY--GEOGRAPHIC NAME
Geographic name Singapore
General subdivision Social conditions.
9 (RLIN) 108134
942 ## - ADDED ENTRY ELEMENTS (KOHA)
Source of classification or shelving scheme Dewey Decimal Classification
Koha item type Books
Holdings
Lost status Source of classification or shelving scheme Damaged status Not for loan Collection code Permanent Location Current Location Shelving location Date acquired Source of acquisition Cost, normal purchase price Total Checkouts Full call number Date last seen Copy number Koha item type
  Dewey Decimal Classification   Not For Loan Non-fiction Central Library, University of Rajshahi Central Library, University of Rajshahi Reading Room   Zitlinger 50.00   309.15952 KAU 1960 26/05/2014 C-1 Books